[Event "World Youth Open U18 2016"]
[Site "Khanty-Mansiysk RUS"]
[Date "2016.09.24"]
[Round "3.21"]
[White "Yang, Ching Wei Austin"]
[Black "Patrascu, Catalin-Lucian"]
[Result "1/2-1/2"]
[WhiteTitle "FM"]
[BlackTitle "FM"]
[WhiteElo "1997"]
[BlackElo "2263"]
[WhiteFideId "16300440"]
[BlackFideId "1229052"]
[EventDate "2016.09.22"]

1. e4 c6 2. d4 d5 3. exd5 cxd5 4. c4 Nf6 5. Nc3 e6 6. c5 Be7 7. Nf3 O-O 8. Qc2
Bd7 9. b4 Ne4 10. Rb1 Nxc3 11. Qxc3 a6 12. Bd3 Bb5 13. Ne5 Nc6 14. Nxc6 bxc6 15.
O-O Qb8 16. Re1 Bf6 17. Bc2 Re8 18. f4 Ra7 19. a4 Bc4 20. Bd3 Bxd3 21. Qxd3 g6
22. Bd2 Bg7 23. Re2 Rb7 24. g3 Qa7 25. Kg2 Rbe7 26. Bc3 Ra8 27. Rbe1 Rb8 28. Rb1
Ree8 29. Ree1 Qd7 30. Re2 Bf6 31. Ra2 Ra8 32. Re2 Reb8 33. Reb2 Kg7 34. Qe2 h5
35. h4 Ra7 36. Qd3 1/2-1/2

[Event "World Youth Open U18 2016"]
[Site "Khanty-Mansiysk RUS"]
[Date "2016.09.24"]
[Round "3.22"]
[White "Nguyen, Hoang Duc"]
[Black "Krykun, Yuriy"]
[Result "1-0"]
[BlackTitle "FM"]
[WhiteElo "1874"]
[BlackElo "2242"]
[WhiteFideId "12403865"]
[BlackFideId "14140667"]
[EventDate "2016.09.22"]

1. e4 c5 2. Nf3 Nc6 3. d4 cxd4 4. Nxd4 Nf6 5. Nc3 d6 6. Be2 g6 7. O-O Bg7 8. Be3
O-O 9. Kh1 d5 10. exd5 Nxd5 11. Nxd5 Qxd5 12. Bf3 Qc4 13. Nxc6 bxc6 14. Qc1 Bf5
15. c3 Rfd8 16. Bg5 Rd7 17. Re1 Be6 18. Re4 Qc5 19. Qe1 Qxg5 20. Rxe6 Rb8 21.
Re2 c5 22. Rd1 Rbd8 23. Rxd7 Rxd7 24. g3 e6 25. Kg2 h5 26. Qb1 Rd6 27. Qe4 Bf8
28. Qa4 Qc1 29. Rc2 Qb1 30. a3 c4 31. h4 Rd8 32. Re2 Rd1 33. Qxc4 Rh1 34. Be4
Qf1+ 35. Kf3 Rh2 36. Qc8 Kg7 37. Qc7 Qh1+ 38. Ke3 Qc1+ 39. Kd4 Qd1+ 40. Bd3 Rh1
41. Rxe6 Kg8 42. Re4 Bg7+ 43. Kc4 Qa4+ 44. Kd5 Qb3+ 45. Kc6 Rd1 46. Qc8+ Kh7 47.
Rb4 Qa2 48. Qd7 Rd2 49. Bxg6+ fxg6 50. Qxd2 Qe6+ 51. Qd6 1-0

[Event "World Youth Open U18 2016"]
[Site "Khanty-Mansiysk RUS"]
[Date "2016.09.24"]
[Round "3.23"]
[White "Marek, Matyas"]
[Black "Kenenbaev, Aidar"]
[Result "1-0"]
[WhiteTitle "FM"]
[WhiteElo "2381"]
[BlackElo "2143"]
[WhiteFideId "335398"]
[BlackFideId "13801180"]
[EventDate "2016.09.22"]

1. e4 c5 2. Nf3 d6 3. d4 cxd4 4. Nxd4 Nf6 5. Nc3 a6 6. Nb3 g6 7. Be2 Bg7 8. g4
Nc6 9. g5 Nd7 10. h4 b5 11. Be3 Bb7 12. Qd2 Rc8 13. O-O-O Nb6 14. h5 Rg8 15.
hxg6 hxg6 16. Kb1 Ne5 17. Bd4 Nec4 18. Qd3 Bxd4 19. Qxd4 e5 20. Qd3 b4 21. Nd5
Bxd5 22. exd5 Na4 23. Rde1 Naxb2 24. Qg3 Na4 25. Bxc4 Rxc4 26. f4 Nc3+ 27. Kb2
e4 28. Qd3 Qc7 29. Nd2 Rc5 30. Nxe4 Nxe4 31. Rxe4+ Kd7 32. Rxb4 Re8 33. Qb3 Rb5
34. Rxb5 axb5 35. Qxb5+ 1-0

[Event "World Youth Open U18 2016"]
[Site "Khanty-Mansiysk RUS"]
[Date "2016.09.24"]
[Round "3.24"]
[White "Oner, Oguz"]
[Black "Vaishali, R"]
[Result "0-1"]
[BlackTitle "WIM"]
[WhiteElo "1962"]
[BlackElo "2295"]
[WhiteFideId "6329330"]
[BlackFideId "5091756"]
[EventDate "2016.09.22"]

1. d4 Nf6 2. c4 g6 3. Nc3 Bg7 4. e4 O-O 5. f3 Nc6 6. Be3 e5 7. Nge2 exd4 8. Nxd4
d6 9. Nxc6 bxc6 10. Be2 Re8 11. Qd2 a5 12. O-O a4 13. c5 a3 14. b4 dxc5 15. Qxd8
Rxd8 16. bxc5 Ng4 17. fxg4 Bxc3 18. Rac1 Bb2 19. Rc2 Be6 20. Bc1 Bb3 21. axb3
Bd4+ 22. Kh1 a2 23. Rxa2 Rxa2 24. Bc4 Rf2 25. Rd1 Bf6 26. Rxd8+ Bxd8 27. h3 Ra2
28. Kh2 Ra1 29. Bf4 Re1 30. e5 Be7 31. Bg3 Re4 32. Ba6 Bxc5 33. Bb7 Bd4 34. Bxc6
Re3 35. Bd5 Bxe5 36. Bxe5 Rxe5 37. Bc4 g5 38. Kg3 Kf8 39. h4 h6 40. hxg5 hxg5
41. Kf3 Ke7 42. Bd3 Kd6 43. Bc4 f6 44. Bf7 Kc5 45. Bc4 Kd4 46. Bf7 c5 47. Bc4
Kc3 48. Bf7 f5 49. g3 Kd2 50. Bg8 Re3+ 51. Kf2 fxg4 52. Bc4 Rf3+ 53. Kg2 Kc2 0-1

[Event "World Youth Open U18 2016"]
[Site "Khanty-Mansiysk RUS"]
[Date "2016.09.24"]
[Round "3.25"]
[White "Meunier, Clement2"]
[Black "Ramacker, Quinten"]
[Result "1-0"]
[WhiteTitle "FM"]
[WhiteElo "2290"]
[BlackElo "1947"]
[WhiteFideId "20667930"]
[BlackFideId "210404"]
[EventDate "2016.09.22"]

1. d4 Nf6 2. c4 e6 3. Nc3 Bb4 4. e3 d5 5. cxd5 exd5 6. Bd3 O-O 7. Qc2 Re8 8. a3
Bxc3+ 9. bxc3 Ne4 10. Ne2 b6 11. f3 Nf6 12. O-O Ba6 13. Ng3 c5 14. Re1 Bxd3 15.
Qxd3 Nc6 16. Bb2 Rc8 17. Rad1 cxd4 18. cxd4 Na5 19. e4 Nc4 20. Bc1 b5 21. e5 Nd7
22. f4 Qb6 23. Qf3 Rcd8 24. Kh1 Nf8 25. f5 f6 26. Bf4 Re7 27. Nh5 Qa5 28. Qg3
Qxa3 29. Rd3 Qa5 30. Nxf6+ Kh8 31. Nh5 Rde8 32. Rf1 Rf7 33. e6 Nxe6 34. fxe6
Rxe6 35. Rdf3 Rg6 36. Bg5 Rxf3 37. Qb8+ 1-0

[Event "World Youth Open U18 2016"]
[Site "Khanty-Mansiysk RUS"]
[Date "2016.09.24"]
[Round "3.26"]
[White "Barp, Alberto"]
[Black "Maltezeanu, Stefan"]
[Result "1-0"]
[WhiteTitle "FM"]
[WhiteElo "2244"]
[BlackElo "1734"]
[WhiteFideId "872555"]
[BlackFideId "4004655"]
[EventDate "2016.09.22"]

1. d4 Nf6 2. c4 e6 3. Nf3 Bb4+ 4. Bd2 Bxd2+ 5. Qxd2 d6 6. g3 b6 7. Bg2 Bb7 8.
O-O O-O 9. Qc2 Nbd7 10. Nc3 a6 11. Rfd1 Qe7 12. e4 e5 13. Nd5 Nxd5 14. cxd5 Rac8
15. dxe5 Nxe5 16. Nxe5 dxe5 17. Bh3 Rcd8 18. Rac1 Bc8 19. Bxc8 Rxc8 20. d6 Qe6
21. d7 Rcd8 22. Qxc7 1-0

[Event "World Youth Open U18 2016"]
[Site "Khanty-Mansiysk RUS"]
[Date "2016.09.24"]
[Round "3.27"]
[White "Petrovskis, Olegs"]
[Black "Holtman, Teodor"]
[Result "0-1"]
[WhiteElo "2159"]
[BlackElo "2201"]
[WhiteFideId "11603186"]
[BlackFideId "14933721"]
[EventDate "2016.09.22"]

1. d4 Nf6 2. Nf3 e6 3. c4 c5 4. d5 exd5 5. cxd5 d6 6. h3 g6 7. Bf4 b5 8. a4 b4
9. e3 Bg7 10. Bb5+ Bd7 11. Bc4 O-O 12. O-O Bf5 13. Nbd2 Qe7 14. Re1 Be4 15. Qb3
Bxf3 16. Nxf3 Nbd7 17. Rad1 Ne5 18. Nd2 Nfd7 19. Qc2 g5 20. Bg3 Ng6 21. Bd3 Be5
22. f4 gxf4 23. exf4 Bd4+ 24. Kh2 Qd8 25. Nf3 Bf6 26. Bb5 Rb8 27. Qf5 Rxb5 28.
axb5 Bxb2 29. h4 Nf6 30. h5 Ne7 31. Qc2 Bc3 32. Bh4 Qd7 33. Bxf6 Bxf6 34. Qe4
Qg4 35. Rd3 Qxh5+ 36. Kg1 h6 37. Nh2 Qf5 38. Qe2 Ng6 39. Ng4 Bg7 40. g3 c4 41.
Rdd1 c3 42. Kh2 Rc8 43. Ne3 Qe4 44. Qg4 Rd8 45. Ng2 Qc4 46. Ne3 Qc5 47. Nf5 c2
48. Rc1 b3 49. Kg2 b2 0-1

[Event "World Youth Open U18 2016"]
[Site "Khanty-Mansiysk RUS"]
[Date "2016.09.24"]
[Round "3.28"]
[White "Weerasinghe, C C"]
[Black "Ding, Tze How Dilwen"]
[Result "1/2-1/2"]
[BlackTitle "FM"]
[WhiteElo "1884"]
[BlackElo "2397"]
[WhiteFideId "9921087"]
[BlackFideId "5707641"]
[EventDate "2016.09.22"]

1. d4 d5 2. Nf3 Nf6 3. g3 g6 4. Bg2 Bg7 5. O-O O-O 6. c4 dxc4 7. Na3 c3 8. bxc3
c5 9. e3 Nc6 10. Nc4 Be6 11. Nce5 Nxe5 12. Nxe5 Bd5 13. Ba3 cxd4 14. cxd4 Rc8
15. Qa4 Bxg2 16. Kxg2 Nd5 17. Nf3 a6 18. Rac1 b5 19. Qb3 Qd7 20. Bc5 Rfd8 21.
Qa3 e6 22. Rc2 Qb7 23. Rfc1 Rc7 24. Qb3 a5 25. Rb1 b4 26. a3 Bf8 27. axb4 axb4
28. Rc4 f5 29. Kg1 Bxc5 30. dxc5 Rdc8 31. Rbc1 Qa6 32. Kg2 Qb7 33. Kg1 Qa6 34.
Kg2 Qb7 1/2-1/2

[Event "World Youth Open U18 2016"]
[Site "Khanty-Mansiysk RUS"]
[Date "2016.09.24"]
[Round "3.29"]
[White "Yoshida, Haruki"]
[Black "Khodashenas, Mersad"]
[Result "0-1"]
[WhiteElo "1750"]
[BlackElo "2394"]
[WhiteFideId "7002076"]
[BlackFideId "12514195"]
[EventDate "2016.09.22"]

1. d4 Nf6 2. c4 e6 3. Nc3 Bb4 4. Qc2 O-O 5. a3 Bxc3+ 6. Qxc3 d6 7. Bg5 Nbd7 8.
e3 Re8 9. f3 h6 10. Bh4 Qe7 11. e4 Nxe4 12. Bxe7 Nxc3 13. Bh4 Na4 14. O-O-O Nab6
15. Bd3 e5 16. Re1 Kf8 17. Ne2 exd4 18. Nxd4 Ne5 19. Bb1 Bd7 20. b3 a6 21. Re2
Nc6 22. Rxe8+ Rxe8 23. Nxc6 Bxc6 24. Re1 Rxe1+ 25. Bxe1 Ke7 26. Bc3 f6 27. Kd2
Nd7 28. Ke3 b6 29. Bc2 a5 30. b4 axb4 31. axb4 Ne5 32. Bd3 Bb7 33. h3 c5 34. b5
Bc8 35. Bxe5 fxe5 36. Be4 Kf6 37. h4 Be6 38. Kd3 g5 39. g3 gxh4 40. gxh4 Bg8 41.
Kc3 Bf7 42. Kd3 Be6 43. Kc3 Bf5 44. Kd3 Bxe4+ 45. Kxe4 Ke6 46. h5 d5+ 47. Kd3
dxc4+ 48. Kxc4 Kd6 0-1

[Event "World Youth Open U18 2016"]
[Site "Khanty-Mansiysk RUS"]
[Date "2016.09.24"]
[Round "3.30"]
[White "Noguchi, Takaya"]
[Black "Kalogeris, Ioannis"]
[Result "0-1"]
[WhiteElo "1491"]
[BlackElo "2271"]
[WhiteFideId "7002270"]
[BlackFideId "4239563"]
[EventDate "2016.09.22"]

1. e4 g6 2. d4 Bg7 3. Nc3 a6 4. Be3 b5 5. Bd3 Bb7 6. Qd2 d6 7. f3 Nd7 8. Nh3 c5
9. d5 b4 10. Nd1 Ne5 11. Nhf2 Nxd3+ 12. Qxd3 Qb6 13. c4 bxc3 14. bxc3 Bc8 15.
Rb1 Qa5 16. Qc2 Bd7 17. O-O Ba4 18. Qd2 Bb5 19. Re1 Nf6 20. e5 dxe5 21. Bxc5 Bc4
22. Bb4 Qxd5 23. Qxd5 Nxd5 24. Ne3 Nxe3 25. Rxe3 Bxa2 26. Ra1 Be6 27. Nd3 f6 28.
Nc5 Bh6 29. Rd3 Bc4 30. Rdd1 Kf7 31. Nd7 Be3+ 32. Kh1 Rac8 33. Re1 Bf2 34. Re4
Rhd8 35. Nb8 Bd3 0-1

[Event "World Youth Open U18 2016"]
[Site "Khanty-Mansiysk RUS"]
[Date "2016.09.24"]
[Round "3.31"]
[White "Georgiev, Todor"]
[Black "Roos, Lucas"]
[Result "1-0"]
[WhiteElo "2197"]
[BlackElo "1830"]
[WhiteFideId "2916088"]
[BlackFideId "14308673"]
[EventDate "2016.09.22"]

1. d4 f5 2. c4 Nf6 3. Nc3 g6 4. h4 d6 5. h5 Nxh5 6. Rxh5 gxh5 7. e4 Be6 8. Be2
Kd7 9. d5 Bf7 10. Nf3 Bg7 11. Ng5 Qg8 12. Kf1 Bg6 13. exf5 Bxf5 14. Bxh5 h6 15.
Nf7 Rh7 16. Qf3 e6 17. g4 Bxc3 18. gxf5 e5 19. Nxh6 Qf8 20. f6 Rxh6 21. Bxh6
Qxh6 22. Qg4+ Kd8 23. Qg8+ Kd7 24. Qe8# 1-0

[Event "World Youth Open U18 2016"]
[Site "Khanty-Mansiysk RUS"]
[Date "2016.09.24"]
[Round "3.32"]
[White "Helander, Benjamin"]
[Black "Shih, Yu-An"]
[Result "1-0"]
[WhiteElo "1892"]
[BlackElo "1493"]
[WhiteFideId "514101"]
[BlackFideId "16300645"]
[EventDate "2016.09.22"]

1. e4 e5 2. Nf3 Nc6 3. Bb5 a6 4. Ba4 Nf6 5. O-O d6 6. Re1 Be7 7. h3 b5 8. Bb3
O-O 9. c3 Na5 10. Bc2 c5 11. d4 Nc6 12. Bg5 h6 13. Bh4 Re8 14. Bg3 Bf8 15. dxe5
dxe5 16. Qxd8 Rxd8 17. Nxe5 Bb7 18. Nxc6 Bxc6 19. Re2 Rd7 20. Nd2 Rad8 21. Nb3
c4 22. Nd4 Bb7 23. e5 Nh7 24. e6 fxe6 25. Nxe6 Re8 26. Bg6 Ra8 27. Bf5 Rf7 28.
Nd4 Re7 29. Be6+ Kh8 30. Nf5 Ree8 31. Nh4 Ng5 32. Ng6+ Kh7 33. Nxf8+ Rxf8 34.
Bg4 Rf7 35. f3 g6 36. Bh4 h5 37. Bxg5 hxg4 38. hxg4 Kg7 39. Kf2 Rh8 40. Be3 Rh7
41. Rae1 Rd7 42. Bd4+ Kf7 43. Re6 Kf8 44. Rxg6 Rc7 45. g5 1-0

[Event "World Youth Open U18 2016"]
[Site "Khanty-Mansiysk RUS"]
[Date "2016.09.25"]
[Round "4.1"]
[White "Dragnev, Valentin"]
[Black "Vavulin, Maksim"]
[Result "0-1"]
[WhiteTitle "IM"]
[BlackTitle "IM"]
[WhiteElo "2430"]
[BlackElo "2582"]
[WhiteFideId "1634852"]
[BlackFideId "4169530"]
[EventDate "2016.09.22"]

1. e4 g6 2. d4 Bg7 3. Nf3 d6 4. c3 Nc6 5. Bd3 e5 6. h3 Nf6 7. O-O O-O 8. Re1 h6
9. Bc2 Bd7 10. a3 Qe7 11. b4 Rfe8 12. d5 Nd8 13. c4 a5 14. bxa5 Rxa5 15. a4 Nh5
16. Nc3 b6 17. Nb5 Bxb5 18. cxb5 Nb7 19. Nd2 Kh7 20. Nc4 Ra7 21. Be3 Bf6 22. Bd2
Bg5 23. Bb4 Qd7 24. Qf3 Nf6 25. Kh2 h5 26. g3 h4 27. Nb2 Nh5 28. Kg2 Kg7 29. Nd3
Rh8 30. Rh1 Raa8 31. Rae1 Rae8 32. Qg4 Qd8 33. Nb2 Rh7 34. Nd3 Reh8 35. Bc3 Qe7
36. Qf3 Kg8 37. Re2 Kf8 38. Bb3 Na5 39. Ba2 Nb7 40. Qg4 Kg7 41. Bb3 Rf8 42. Rf1
f5 43. exf5 gxf5 44. Qb4 Kh6 45. f4 Nxg3 46. Bd2 Nxe2 47. fxg5+ Kg6 48. Re1 Nc5
49. Bc2 Nxd3 50. Bxd3 Ng3 51. a5 bxa5 52. Qxa5 e4 53. b6 cxb6 54. Qxb6 Qe5 55.
Bc3 Qf4 56. Bc4 Rc8 57. Qd4 Qxg5 58. Kh2 Rhc7 59. Ra1 Rxc4 60. Qb6 Rxc3 0-1

[Event "World Youth Open U18 2016"]
[Site "Khanty-Mansiysk RUS"]
[Date "2016.09.25"]
[Round "4.2"]
[White "Petrosyan, Manuel"]
[Black "Saiyn, Zhanat"]
[Result "1-0"]
[WhiteTitle "IM"]
[BlackTitle "IM"]
[WhiteElo "2530"]
[BlackElo "2405"]
[WhiteFideId "13300857"]
[BlackFideId "13703820"]
[EventDate "2016.09.22"]

1. d4 Nf6 2. c4 e6 3. Nf3 d5 4. Nc3 Bb4 5. Bg5 h6 6. Bxf6 Qxf6 7. Qb3 c5 8. cxd5
exd5 9. a3 Bxc3+ 10. Qxc3 Nd7 11. g3 O-O 12. Bg2 a6 13. a4 Rb8 14. O-O Re8 15.
e3 c4 16. Nd2 Qc6 17. a5 Nf6 18. b3 cxb3 19. Qxc6 bxc6 20. Rfb1 Ne4 21. Rxb3 Rb5
22. Rxb5 cxb5 23. Nb3 Bf5 24. Rc1 Rc8 25. Rxc8+ Bxc8 26. Bxe4 dxe4 27. Nc5 f5
28. d5 Kf7 29. d6 b4 30. d7 Bxd7 31. Nxd7 Ke6 32. Nb6 Kd6 33. Kf1 Kc5 34. Ke2
Kb5 35. Kd2 Kxa5 36. Nc4+ Ka4 37. Kc2 h5 38. Kb2 a5 39. h4 g6 40. Ne5 b3 41.
Nxg6 Kb4 42. Ne7 a4 43. Nxf5 a3+ 44. Kb1 Kc3 45. Nd4 Kd2 46. Nxb3+ Ke1 47. Nc5
Kxf2 48. Nxe4+ Kf3 49. Nf6 Kxg3 50. Nxh5+ Kxh4 51. Nf4 Kg3 52. Ka2 Kf3 53. Ng2
Kxg2 1-0

[Event "World Youth Open U18 2016"]
[Site "Khanty-Mansiysk RUS"]
[Date "2016.09.25"]
[Round "4.3"]
[White "Hakobyan, Aram"]
[Black "Kollars, Dmitrij"]
[Result "1-0"]
[WhiteTitle "FM"]
[BlackTitle "IM"]
[WhiteElo "2417"]
[BlackElo "2491"]
[WhiteFideId "13306677"]
[BlackFideId "12909572"]
[EventDate "2016.09.22"]

1. d4 Nf6 2. Bg5 Ne4 3. Bf4 c5 4. f3 Qa5+ 5. c3 Nf6 6. d5 Qb6 7. Bc1 e6 8. e4
exd5 9. exd5 Be7 10. c4 O-O 11. Bd3 d6 12. Nc3 Re8 13. Nge2 Nbd7 14. f4 Bf8 15.
h3 g6 16. O-O Bg7 17. g4 Qd8 18. Ng3 h6 19. Bd2 Nf8 20. Kg2 a6 21. a4 b6 22. f5
g5 23. h4 gxh4 24. Nge4 N8h7 25. Bf4 Nxe4 26. Nxe4 Rxe4 27. Bxe4 Ng5 28. Bc2 Qf6
29. Qd2 Bd7 30. Qc3 Qe7 31. Rae1 Ne6 32. f6 Bxf6 33. Qd2 Nxf4+ 34. Qxf4 Be5 35.
Qxh6 f6 36. Rxe5 Qxe5 37. Qg6+ Kf8 38. Rxf6+ Ke7 39. Qg7+ Kd8 40. Rf8+ Be8 41.
Qxe5 dxe5 42. Bg6 Ke7 43. Rxe8+ Rxe8 44. Bxe8 Kxe8 45. Kh3 1-0

[Event "World Youth Open U18 2016"]
[Site "Khanty-Mansiysk RUS"]
[Date "2016.09.25"]
[Round "4.4"]
[White "Mousavi, Seyed Khalil"]
[Black "Lorparizangeneh, Shahin"]
[Result "1/2-1/2"]
[WhiteTitle "IM"]
[BlackTitle "IM"]
[WhiteElo "2412"]
[BlackElo "2478"]
[WhiteFideId "12511099"]
[BlackFideId "12521604"]
[EventDate "2016.09.22"]

1. c4 e5 2. Nc3 Bb4 3. Nd5 Bc5 4. e3 Ne7 5. Bd3 c6 6. b4 Bd6 7. Nxe7 Qxe7 8. c5
Bc7 9. Ne2 a5 10. Ng3 axb4 11. Qg4 g6 12. Qxb4 b6 13. Ne4 bxc5 14. Qxc5 d6 15.
Qc2 d5 16. Ng3 O-O 17. O-O h5 18. Bb2 h4 19. Nh1 c5 20. e4 Nc6 21. a3 Be6 22. f4
c4 23. exd5 Bxd5 24. Be4 Bxe4 25. Qxe4 Qc5+ 26. Nf2 f5 27. Qe2 e4 28. Rac1 Na5
29. Kh1 Rab8 30. Nd1 Rf7 31. Qe1 Qe7 32. Qe3 Rh7 33. h3 Qd7 34. Qc3 Rb3 35. Qf6
Rb6 36. Qc3 Rb3 37. Qf6 Rb6 38. Qc3 1/2-1/2

[Event "World Youth Open U18 2016"]
[Site "Khanty-Mansiysk RUS"]
[Date "2016.09.25"]
[Round "4.5"]
[White "Rahman, Adel"]
[Black "Jarmula, Lukasz"]
[Result "1/2-1/2"]
[WhiteTitle "FM"]
[BlackTitle "IM"]
[WhiteElo "2324"]
[BlackElo "2466"]
[WhiteFideId "14204177"]
[BlackFideId "1160664"]
[EventDate "2016.09.22"]

1. d4 Nf6 2. c4 e6 3. g3 c5 4. d5 exd5 5. cxd5 d6 6. Nc3 g6 7. Nf3 Bg7 8. Bg2
O-O 9. O-O Na6 10. Bf4 Nh5 11. Bg5 f6 12. Bd2 f5 13. Ng5 Nc7 14. Qb3 Qe7 15. a4
Rb8 16. Rfe1 Bd7 17. Nb5 Nxb5 18. axb5 a6 19. b6 Nf6 20. Ne6 Bxe6 21. dxe6 Ne4
22. Bf4 g5 23. Bc1 Rbe8 24. Qd5 h6 25. Ra4 Qxe6 26. Qxb7 d5 27. Qxa6 Rb8 28. b7
Qxa6 29. Rxa6 Rxb7 30. Rd1 d4 31. Re6 Ra7 32. g4 c4 33. gxf5 Nc5 34. Rc6 Rxf5
35. e4 Re5 36. Rxd4 Ra1 37. Rxc4 Nd3 38. Bh3 g4 39. Bf1 Nxc1 40. Rxc1 Rxc1 41.
Rxc1 Rxe4 42. Rc8+ Kf7 43. Rc7+ Re7 44. Bc4+ Kf6 45. Rxe7 Kxe7 46. b4 Bd4 47.
Kg2 Kf6 48. Be2 1/2-1/2

[Event "World Youth Open U18 2016"]
[Site "Khanty-Mansiysk RUS"]
[Date "2016.09.25"]
[Round "4.6"]
[White "Rakotomaharo, Fy Antenaina"]
[Black "Christiansen, Johan-Sebastian"]
[Result "1-0"]
[WhiteTitle "FM"]
[BlackTitle "IM"]
[WhiteElo "2439"]
[BlackElo "2413"]
[WhiteFideId "13100050"]
[BlackFideId "1512668"]
[EventDate "2016.09.22"]

1. e4 e6 2. d4 d5 3. Nc3 Nf6 4. Bg5 Bb4 5. exd5 exd5 6. Qf3 Nbd7 7. Bd3 O-O 8.
Ne2 Re8 9. O-O-O c6 10. g4 b5 11. Rhg1 Be7 12. Ng3 b4 13. Nce2 c5 14. Nf5 Bf8
15. Nf4 Bb7 16. Nh5 Re6 17. Kb1 h6 18. Bxf6 Nxf6 19. Nf4 Re8 20. dxc5 Ne4 21.
Bxe4 dxe4 22. Qb3 Qf6 23. Nh5 Qg6 24. Nd6 Red8 25. Nf4 Qf6 26. Nd5 Qxf2 27. Nc7
Qxc5 28. Qxf7+ Kh8 29. Nf5 Rdc8 30. Nxa8 Qxc2+ 31. Ka1 Rxa8 32. Nh4 1-0

[Event "World Youth Open U18 2016"]
[Site "Khanty-Mansiysk RUS"]
[Date "2016.09.25"]
[Round "4.7"]
[White "Bellahcene, Bilel"]
[Black "Krishna Teja, N"]
[Result "0-1"]
[WhiteTitle "IM"]
[BlackTitle "IM"]
[WhiteElo "2483"]
[BlackElo "2268"]
[WhiteFideId "696358"]
[BlackFideId "5001498"]
[EventDate "2016.09.22"]

1. d4 Nf6 2. Nf3 e6 3. c4 Bb4+ 4. Nbd2 b6 5. a3 Bxd2+ 6. Qxd2 Bb7 7. e3 O-O 8.
Be2 d6 9. O-O Ne4 10. Qc2 f5 11. b4 Qe7 12. Bb2 Nd7 13. d5 e5 14. Nd2 Nxd2 15.
Qxd2 e4 16. Rac1 a5 17. Bc3 axb4 18. axb4 Ne5 19. Ra1 Ra6 20. Qd4 Nd7 21. Kh1
Raa8 22. g4 Rxa1 23. Rxa1 fxg4 24. Bxg4 Nf6 25. Be2 Ne8 26. Rf1 Bc8 27. Be1 Rf6
28. Rg1 Rh6 29. f3 Bf5 30. f4 Rg6 31. Bg3 Nf6 32. Ra1 h5 33. Qd2 Bh3 34. Bf1 Bg4
35. Bg2 Bf3 36. Rg1 Ng4 37. Qe1 Qf6 38. Bh4 Qb2 39. Bxf3 Qxh2# 0-1

[Event "World Youth Open U18 2016"]
[Site "Khanty-Mansiysk RUS"]
[Date "2016.09.25"]
[Round "4.8"]
[White "Sanal, Vahap"]
[Black "Rajkovic, Mladen"]
[Result "1/2-1/2"]
[WhiteTitle "IM"]
[WhiteElo "2477"]
[BlackElo "2275"]
[WhiteFideId "6300545"]
[BlackFideId "930660"]
[EventDate "2016.09.22"]

1. Nf3 Nf6 2. c4 g6 3. b3 Bg7 4. Bb2 O-O 5. g3 d6 6. Bg2 e5 7. O-O c5 8. Nc3 Nc6
9. d3 h6 10. Ne1 Be6 11. Nd5 Qd7 12. Qd2 Kh7 13. f4 Bh3 14. e4 Bxg2 15. Nxg2
Nxd5 16. cxd5 Nd4 17. f5 Bf6 18. h4 g5 19. Kf2 gxh4 20. gxh4 Bh8 21. Qd1 Rg8 22.
Qh5 Bg7 23. Ne3 Bf8 24. Ng4 Qd8 1/2-1/2

[Event "World Youth Open U18 2016"]
[Site "Khanty-Mansiysk RUS"]
[Date "2016.09.25"]
[Round "4.9"]
[White "Akhvlediani, Irakli"]
[Black "Vogel, Roven"]
[Result "1/2-1/2"]
[BlackTitle "IM"]
[WhiteElo "2205"]
[BlackElo "2415"]
[WhiteFideId "13601938"]
[BlackFideId "12908088"]
[EventDate "2016.09.22"]

1. d4 Nf6 2. c4 e6 3. Nf3 b6 4. g3 Ba6 5. Qc2 Nc6 6. Bg2 Nb4 7. Qb3 c5 8. Bg5
Rc8 9. d5 b5 10. cxb5 Bxb5 11. Nc3 Ba6 12. Qa4 Bb7 13. Bxf6 Qxf6 14. dxe6 fxe6
15. O-O Bc6 16. Qxa7 Bd6 17. Qa3 Nc2 18. Qa6 Ra8 19. Qd3 Nxa1 20. Qxd6 Nc2 21.
Ne5 Bxg2 22. Qxd7+ Kf8 23. Qd6+ Qe7 24. Qxe7+ Kxe7 25. Kxg2 Rhc8 26. Rd1 Nd4 27.
f4 Ra7 28. e3 Nc6 29. Nxc6+ Rxc6 30. e4 Rb6 31. Rd2 Rab7 32. Nd1 Rd6 33. Rxd6
Kxd6 34. Kf3 c4 35. Ke3 Kc5 36. e5 h6 37. h3 Ra7 38. Nc3 Rd7 39. Ne4+ Kb4 40.
a3+ Kb5 41. Nd6+ Kc5 1/2-1/2

[Event "World Youth Open U18 2016"]
[Site "Khanty-Mansiysk RUS"]
[Date "2016.09.25"]
[Round "4.10"]
[White "Gong, Patrick"]
[Black "Plenca, Jadranko"]
[Result "0-1"]
[BlackTitle "FM"]
[WhiteElo "2143"]
[BlackElo "2396"]
[WhiteFideId "3222500"]
[BlackFideId "14527146"]
[EventDate "2016.09.22"]

1. e4 e5 2. d4 exd4 3. Nf3 Nc6 4. Nxd4 Bc5 5. Nb3 Bb6 6. c4 d6 7. c5 Bxc5 8.
Nxc5 dxc5 9. Qxd8+ Nxd8 10. Be3 b6 11. Nc3 Ne7 12. f4 O-O 13. O-O-O Bb7 14. Rd7
Re8 15. Bc4 Rc8 16. Bf2 Bc6 17. Rd2 Ng6 18. Ba6 Bb7 19. Bb5 Nc6 20. Rd7 Nxf4 21.
Bg3 Ne6 22. Rf1 f6 23. Nd5 Nf8 24. Rxc7 Rxc7 25. Bxc7 Rxe4 26. Rxf6 Nd4 27. Bd3
Re1+ 28. Kd2 gxf6 29. Nxf6+ Kf7 30. Kxe1 Kxf6 31. Bd6 Ng6 32. b4 Nf5 33. Bb8 a6
34. bxc5 bxc5 35. g4 Ne3 36. Ba7 Nxg4 37. Bxc5 Nxh2 38. Bd4+ Ke6 39. Kf2 Ng4+
40. Kg3 N4e5 41. Bc2 h5 42. Bc3 Bd5 43. a4 Kd6 44. a5 h4+ 45. Kh3 Be6+ 46. Kh2
Nf4 47. Bb4+ Kd5 48. Bb3+ Ke4 49. Bc2+ Kf3 50. Bd1+ Ne2 51. Be7 Ng4+ 52. Kh3
Nf2+ 53. Kxh4 Nxd1 0-1